00443nam a2200145Ia 4500003000900000008004100009040001600050080001800066245008900084260003600173300001000209650004100219650001400260700002300274IN-BaIIA211028s9999 xx 000 0 eng d cIIA Library a7(548.2)bHOM 0aHomage to Karnatakacedited by Saryu Doshi  aBombaybMarg Publicationsc1982 a154p. aAstronomy and Astrophysics Thesaurus aKarnataka aDoshi, Saryu., ed.